[Event "4NCL-9899A HH-BA1"]
[Site "Rd3-Birmingham"]
[Date "1998.11.21"]
[Round "3.7"]
[White "Hennigan, Rita"]
[Black "Haslinger, Stewart"]
[Result "0-1"]
[WhiteElo "2215"]
[BlackElo "2225"]
[PlyCount "120"]
[EventDate "1998.11.21"]

1. d4 d5 2. Nf3 Nf6 3. Bf4 Bf5 4. e3 e6 5. Nbd2 Be7 6. Ne5 h6 7. Bd3 Bxd3 8.
Nxd3 Nbd7 9. O-O c5 10. c3 c4 11. Ne5 Nxe5 12. dxe5 Nd7 13. e4 Nc5 14. Qg4 g5
15. Be3 h5 16. Qe2 Nd3 17. exd5 Qxd5 18. b3 Qxe5 19. Nxc4 Nf4 20. Qf3 Qd5 21.
Qxd5 Nxd5 22. Bd4 {(Draw offer)} O-O 23. Na5 Rfc8 24. Rac1 b6 25. Nc4 Rd8 26.
g3 Rac8 27. Ne3 f6 28. Rfe1 Ba3 29. Nxd5 Rxd5 30. Rcd1 e5 31. Be3 Rcd8 32. Rxd5
Rxd5 33. Kf1 Kf7 34. Ke2 Ke6 35. c4 Rd7 36. Bc1 Bb4 37. Rd1 Rxd1 38. Kxd1 Kf5
39. h3 Ke4 40. Ke2 g4 41. hxg4 hxg4 42. a3 Bc3 43. b4 Kd4 44. c5 bxc5 45. Be3+
Kd5 46. Bxc5 Bd4 47. Be7 f5 48. f3 gxf3+ 49. Kxf3 e4+ 50. Ke2 Kc4 51. Bd6 Kb5
52. Bf4 Ka4 53. Bd6 a6 54. Kd2 Kb3 55. Bc5 Be5 56. g4 Bf4+ 57. Ke2 fxg4 58. Kf2
Bc1 59. Kg3 Bxa3 60. Kxg4 Bxb4 0-1

[Event "4NCL-9899A HH-BA1"]
[Site "Rd3-Birmingham"]
[Date "1998.11.21"]
[Round "3.8"]
[White "Lauterbach, Ingrid"]
[Black "Martin, Barry"]
[Result "1-0"]
[WhiteElo "2170"]
[BlackElo "2010"]
[PlyCount "95"]
[EventDate "1998.11.21"]

1. e4 c6 2. d3 e6 3. g3 Na6 4. Bg2 Nc7 5. Ne2 Be7 6. O-O d6 7. Nd2 Nf6 8. c3
O-O 9. d4 d5 10. e5 Nfe8 11. Nf3 f5 12. exf6 Bxf6 13. Bf4 Nd6 14. Be5 Nf7 15.
Bxf6 Qxf6 16. Nf4 g6 17. Nd3 Qe7 18. Re1 b6 19. Nfe5 Nxe5 20. Rxe5 Bd7 21. h4
Rf6 22. Nf4 Raf8 23. Qg4 Rxf4 24. gxf4 Qf6 25. h5 Qxf4 26. Qxf4 Rxf4 27. hxg6
hxg6 28. Rae1 Rf6 29. Bh3 Kf7 30. R1e3 a6 31. Bf1 Rf5 32. Bd3 Rf6 33. Rg5 Be8
34. Rg2 b5 35. Rh3 Ke7 36. Rh7+ Kd6 37. Rg7 a5 38. Bxg6 Bxg6 39. R2xg6 Rf8 40.
Rh7 Rd8 41. Rgg7 Na8 42. f4 Nb6 43. f5 Rf8 44. Rb7 Rg8+ 45. Kf1 Rd8 46. Rxb6
Rd7 47. Rxd7+ Kxd7 48. f6 1-0

[Event "4NCL-9899A NWE-WG"]
[Site "Rd3-Birmingham"]
[Date "1998.11.21"]
[Round "3.1"]
[White "Quillan, Gary"]
[Black "Emms, John"]
[Result "0-1"]
[WhiteElo "2335"]
[BlackElo "2585"]
[PlyCount "52"]
[EventDate "1998.11.21"]

1. e4 c5 2. Nf3 e6 3. d3 Nc6 4. g3 Nge7 5. Bg2 g6 6. Nc3 Bg7 7. Be3 Nd4 8. Qd2
d6 9. Nd1 e5 10. c3 Bh3 11. Kf1 Nxf3 12. Qe2 Nd4 13. cxd4 Bxg2+ 14. Kxg2 cxd4
15. Bd2 Rc8 16. f3 O-O 17. h4 Qb6 18. Rc1 Rxc1 19. Bxc1 Rc8 20. Nf2 Rc6 21. h5
Qc7 22. Qd1 Rc2 23. g4 f6 24. Kg3 Kf7 25. hxg6+ hxg6 26. a3 g5 0-1

[Event "4NCL-9899A NWE-WG"]
[Site "Rd3-Birmingham"]
[Date "1998.11.21"]
[Round "3.2"]
[White "Levitt, Jon"]
[Black "Smith, Alan A"]
[Result "1-0"]
[WhiteElo "2430"]
[BlackElo "2240"]
[PlyCount "67"]
[EventDate "1998.11.21"]

1. d4 b6 2. c4 e6 3. e4 Bb7 4. Qc2 Bb4+ 5. Nd2 f5 6. exf5 Qh4 7. a3 Bxd2+ 8.
Bxd2 Be4 9. Qc3 Bxf5 10. Nf3 Qe4+ 11. Be3 Nf6 12. Rd1 O-O 13. h3 Qb7 14. Be2
Ne4 15. Qc1 Nc6 16. O-O Ne7 17. Rfe1 Kh8 18. b4 d6 19. Bf4 a5 20. b5 Rae8 21.
Nh4 Ng6 22. Nxg6+ Bxg6 23. Bf3 e5 24. dxe5 dxe5 25. Bg3 Rxf3 26. gxf3 Nxg3 27.
fxg3 Qxf3 28. Qe3 Qf5 29. Rd5 Qxh3 30. Rxe5 Rf8 31. Re7 h6 32. Qe5 Rf6 33. Qxc7
Bd3 34. Qd8+ 1-0

[Event "4NCL-9899A NWE-WG"]
[Site "Rd3-Birmingham"]
[Date "1998.11.21"]
[Round "3.3"]
[White "Littlewood, John"]
[Black "Littlewood, Paul"]
[Result "1/2-1/2"]
[WhiteElo "2295"]
[BlackElo "2430"]
[PlyCount "57"]
[EventDate "1998.11.21"]

1. e4 c5 2. c3 b6 3. d4 Bb7 4. Bd3 cxd4 5. cxd4 Nc6 6. d5 Nb4 7. Be2 e6 8. a3
Na6 9. Nf3 Nc5 10. Nc3 Nf6 11. Bg5 h6 12. Bh4 g5 13. Bg3 Ncxe4 14. Nxe4 Nxe4
15. Qd4 Nxg3 16. hxg3 Rg8 17. dxe6 dxe6 18. Qa4+ Ke7 19. O-O Bg7 20. Rfd1 Bd5
21. Bc4 Qd7 22. Qb4+ Qd6 23. Qe1 Kf8 24. Bxd5 exd5 25. Rd2 Rd8 26. Rad1 Bf6 27.
Qe3 Kg7 28. Nd4 Bxd4 29. Qxd4+ 1/2-1/2

[Event "4NCL-9899A NWE-WG"]
[Site "Rd3-Birmingham"]
[Date "1998.11.21"]
[Round "3.4"]
[White "Pein, Malcolm"]
[Black "Lund, Brett"]
[Result "1-0"]
[WhiteElo "2425"]
[BlackElo "2295"]
[PlyCount "109"]
[EventDate "1998.11.21"]

1. d4 d6 2. e4 e5 3. Nc3 Be7 4. Nf3 exd4 5. Nxd4 Nf6 6. Bf4 O-O 7. Qd2 a6 8.
Be2 c5 9. Nf3 b5 10. O-O-O Bb7 11. Bxd6 Bxd6 12. Qxd6 Qxd6 13. Rxd6 b4 14. e5
Ne8 15. Rb6 Bc6 16. Nd1 Nc7 17. Ne3 Ra7 18. Rd1 Na8 19. Rxc6 Nxc6 20. Rd5 Ne7
21. Rxc5 a5 22. Nc4 Nc7 23. Nxa5 Ne6 24. Rb5 Rc8 25. Nb3 Rac7 26. Bd3 Nf4 27.
Be4 Rd8 28. Nfd4 Rc4 29. Kd2 Ne6 30. c3 bxc3+ 31. bxc3 Ra4 32. Bb1 Nc6 33. Ke3
Nexd4 34. cxd4 Nxd4 35. Nxd4 Raxd4 36. Bc2 Rc4 37. Bb3 Rc7 38. a4 g6 39. a5 Ra8
40. Bd5 Raa7 41. Kd4 Kg7 42. f4 Kf8 43. g4 Kg7 44. f5 Kh6 45. e6 fxe6 46. fxe6
Kg5 47. a6 Kf6 48. Rb7 h5 49. g5+ Kf5 50. Rxc7 Rxc7 51. Bb7 Kxe6 52. a7 Rxb7
53. a8=Q Rb4+ 54. Kc5 Rg4 55. Qc6+ 1-0

[Event "4NCL-9899A NWE-WG"]
[Site "Rd3-Birmingham"]
[Date "1998.11.21"]
[Round "3.5"]
[White "Tebb, David"]
[Black "Poulton, James"]
[Result "1/2-1/2"]
[WhiteElo "2250"]
[BlackElo "2370"]
[PlyCount "41"]
[EventDate "1998.11.21"]

1. d4 d5 2. c4 e6 3. Nc3 c5 4. cxd5 exd5 5. Nf3 Nc6 6. g3 Nf6 7. Bg2 Be7 8. O-O
O-O 9. Bg5 cxd4 10. Nxd4 Re8 11. Rc1 h6 12. Be3 Bf8 13. Nxc6 bxc6 14. Na4 Bd7
15. Bc5 Bxc5 16. Nxc5 Bg4 17. Re1 Qa5 18. h3 Bf5 19. Qa4 Qd2 20. Qf4 Qxf4 21.
gxf4 1/2-1/2

[Event "4NCL-9899A NWE-WG"]
[Site "Rd3-Birmingham"]
[Date "1998.11.21"]
[Round "3.6"]
[White "Sowray, Peter"]
[Black "Kennaugh, Charles"]
[Result "1/2-1/2"]
[WhiteElo "2320"]
[BlackElo "2290"]
[PlyCount "197"]
[EventDate "1998.11.21"]

1. Nf3 d5 2. c4 d4 3. b4 a5 4. b5 g6 5. d3 Bg7 6. g3 e5 7. Bg2 Ne7 8. Na3 O-O
9. O-O Nd7 10. Nc2 Rb8 11. Ba3 b6 12. Rb1 Re8 13. e3 dxe3 14. Nxe3 Bb7 15. Re1
Nc8 16. Qd2 Nd6 17. Rbd1 Nf6 18. Bb2 e4 19. Ne5 Qe7 20. d4 Rbd8 21. Qc2 Nd7 22.
Nc6 Bxc6 23. bxc6 Nf6 24. Ba3 Qe6 25. d5 Qe5 26. Bb2 Qe7 27. Bd4 Nh5 28. c5
bxc5 29. Bxc5 Rb8 30. Nc4 f5 31. f3 Rb5 32. Bxd6 cxd6 33. fxe4 f4 34. g4 Nf6
35. h3 Rf8 36. e5 dxe5 37. d6 Qa7+ 38. Qf2 Qa6 39. Nxe5 Rxe5 40. Rxe5 Nxg4 41.
hxg4 Bxe5 42. Rd5 f3 43. Bf1 Qxc6 44. Rxe5 Qxd6 45. Bc4+ Kg7 46. Rd5 Qf4 47.
Rd7+ Kh8 48. Qd4+ Rf6 49. Qxf4 Rxf4 50. Be6 Re4 51. Re7 Re2 52. Kf1 h5 53. gxh5
gxh5 54. a4 h4 55. Re8+ Kg7 56. Bd7 Rd2 57. Bc6 h3 58. Bxf3 h2 59. Bh1 Ra2 60.
Re4 Kf6 61. Rc4 Kf5 62. Rh4 Kg5 63. Rh8 Rxa4 64. Kg2 Rg4+ 65. Kh3 Rb4 66. Ra8
Rb3+ 67. Kxh2 Ra3 68. Bd5 Kf4 69. Kg2 Ke3 70. Bf7 Kd4 71. Kf2 Kc5 72. Ke2 Kb4
73. Kd2 Rf3 74. Rb8+ Kc5 75. Bg8 a4 76. Kc2 a3 77. Bb3 Rf2+ 78. Kb1 Rb2+ 79.
Ka1 Kd4 80. Rd8+ Kc3 81. Bg8 Kb4 82. Rb8+ Kc3 83. Rc8+ Kb4 84. Rc4+ Kb5 85. Rg4
Rh2 86. Bd5 Rd2 87. Bb3 Rb2 88. Ba4+ Kc5 89. Rh4 Rb4 90. Rh5+ Kc4 91. Be8 Rb2
92. Rh3 Kb4 93. Rh4+ Kc3 94. Rf4 Rd2 95. Kb1 Rb2+ 96. Kc1 Re2 97. Rf3+ Kb4 98.
Bf7 a2 99. Bxa2 1/2-1/2

[Event "4NCL-9899A NWE-WG"]
[Site "Rd3-Birmingham"]
[Date "1998.11.21"]
[Round "3.7"]
[White "James, Dale"]
[Black "Law, Andrew"]
[Result "1-0"]
[WhiteElo "2225"]
[BlackElo "2325"]
[PlyCount "59"]
[EventDate "1998.11.21"]

1. e4 e5 2. Nf3 Nc6 3. Bb5 a6 4. Ba4 Nf6 5. O-O Bc5 6. d3 d6 7. Bg5 h6 8. Bh4
Bd7 9. c3 Ba7 10. Nbd2 Qe7 11. b4 O-O 12. Re1 Kh8 13. Bc2 g5 14. Bg3 Rg8 15. d4
Bg4 16. Qb1 Nd7 17. d5 Ncb8 18. Bd1 Nf6 19. Qd3 Nbd7 20. Rc1 Nf8 21. c4 Ng6 22.
c5 Nf4 23. Qc3 Rae8 24. Nc4 h5 25. h4 Nh7 26. Nxg5 Nxg5 27. Bxg4 hxg4 28. Bxf4
Nh7 29. Bg3 Nf8 30. Ne3 1-0

[Event "4NCL-9899A NWE-WG"]
[Site "Rd3-Birmingham"]
[Date "1998.11.21"]
[Round "3.8"]
[White "Jackson, Sheila"]
[Black "Ford, Elise"]
[Result "1-0"]
[WhiteElo "2165"]
[BlackElo "1840"]
[PlyCount "75"]
[EventDate "1998.11.21"]

1. e4 e5 2. Nf3 Nc6 3. Bb5 f5 4. Nc3 Nf6 5. exf5 Bc5 6. O-O O-O 7. d3 d6 8. Ne4
Bb6 9. Ng3 Ne7 10. Nh4 c6 11. Ba4 Bd7 12. Be3 Nfd5 13. Bb3 Nxf5 14. Nhxf5 Bxf5
15. Nxf5 Rxf5 16. Qg4 Qf6 17. Bxb6 axb6 18. Qe4 Ra5 19. Qe3 Kf8 20. Bxd5 Rxd5
21. a4 Rd4 22. c3 Rh4 23. g3 Rh6 24. Kg2 c5 25. a5 d5 26. a6 bxa6 27. Rxa6 Rfh5
28. Rh1 Qf5 29. Rxb6 d4 30. Rb8+ Ke7 31. cxd4 cxd4 32. Qd2 e4 33. Qb4+ Kf7 34.
Rf8+ Ke6 35. Rxf5 Rxf5 36. Qxd4 exd3 37. Qxd3 Rhf6 38. Re1+ 1-0

[Event "4NCL-9899A SL-BR"]
[Site "Rd3-Birmingham"]
[Date "1998.11.21"]
[Round "3.2"]
[White "Mah, Karl"]
[Black "Hebden, Mark"]
[Result "0-1"]
[WhiteElo "2330"]
[BlackElo "2590"]
[PlyCount "84"]
[EventDate "1998.11.21"]

1. d4 Nf6 2. c4 g6 3. Nc3 Bg7 4. e4 d6 5. f4 O-O 6. Nf3 Na6 7. Bd3 e5 8. fxe5
dxe5 9. d5 Nh5 10. Bg5 f6 11. Be3 Qe7 12. O-O f5 13. a3 f4 14. Bf2 c5 15. dxc6
bxc6 16. b4 Be6 17. Qa4 Rfd8 18. Qxc6 Nxb4 19. axb4 Rac8 20. Qa6 Rxd3 21. Nd5
Qe8 22. Ng5 Bd7 23. Qd6 Bf8 24. Nf6+ Nxf6 25. Qxd3 h6 26. Nf3 Bc6 27. Rxa7 Bxe4
28. Qb3 Qe6 29. Nd2 Rd8 30. c5 Bd5 31. Qd1 e4 32. Qc2 Qg4 33. h3 Qg5 34. Bd4 f3
35. Nxf3 exf3 36. h4 Qg4 37. Bxf6 Re8 38. Qd2 Bc6 39. Rf2 fxg2 40. Rc7 Qh3 41.
Qa2+ Re6 42. Rxg2 Bxg2 0-1

[Event "4NCL-9899A SL-BR"]
[Site "Rd3-Birmingham"]
[Date "1998.11.21"]
[Round "3.3"]
[White "McNab, Colin"]
[Black "Buckley, Graeme"]
[Result "1-0"]
[WhiteElo "2455"]
[BlackElo "2295"]
[PlyCount "111"]
[EventDate "1998.11.21"]

1. c4 b6 2. b3 Nf6 3. Bb2 e6 4. Nf3 Bb7 5. d3 d5 6. Nbd2 c5 7. g3 d4 8. Bg2 g5
9. b4 h5 10. e3 Na6 11. bxc5 Nxc5 12. O-O dxe3 13. fxe3 Bg7 14. d4 Ng4 15. Qe2
h4 16. gxh4 Qc7 17. h3 gxh4 18. dxc5 Bxb2 19. Rab1 Ba3 20. cxb6 axb6 21. Nb3
Ba6 22. Qc2 Qxc4 23. Nfd4 Nxe3 24. Qe4 Qd5 25. Qxe3 Rg8 26. Qf3 Bxf1 27. Qxd5
Bxg2 28. Qxg2 Rxg2+ 29. Kxg2 Ra4 30. Nf3 Rc4 31. Rd1 Ke7 32. Rd4 Rc2+ 33. Rd2
Rc4 34. Nbd4 Bc5 35. Nc6+ Kf6 36. Nce5 Ra4 37. Rc2 Ra7 38. Nd3 Be3 39. Nxh4 Ra3
40. Ne1 Ke5 41. Nhf3+ Kd5 42. Re2 Bf4 43. Nc2 Ra4 44. Nfe1 Kd6 45. Nd3 Bh6 46.
Ne5 Bf4 47. Nd3 Bh6 48. a3 Rc4 49. Ne5 Rc7 50. Nd4 Kd5 51. Ndf3 Bc1 52. a4 f6
53. Nd3 Bh6 54. Nb4+ Kd6 55. Nd4 Re7 56. Kf3 1-0

[Event "4NCL-9899A SL-BR"]
[Site "Rd3-Birmingham"]
[Date "1998.11.21"]
[Round "3.4"]
[White "Beaumont, Chris"]
[Black "Turner, Matthew"]
[Result "0-1"]
[WhiteElo "2330"]
[BlackElo "2475"]
[PlyCount "42"]
[EventDate "1998.11.21"]

1. Nf3 c5 2. c4 Nc6 3. d4 cxd4 4. Nxd4 g6 5. e4 Bg7 6. Be3 Nf6 7. Nc3 Ng4 8.
Qxg4 Nxd4 9. Qd1 e5 10. Bd3 O-O 11. O-O d6 12. Ne2 Be6 13. Rc1 Qa5 14. Bb1 Nc6
15. Qxd6 Rfd8 16. Qa3 Qxa3 17. bxa3 Na5 18. Rfd1 Nxc4 19. Rxd8+ Rxd8 20. Bxa7
Bh6 21. f4 b6 0-1

[Event "4NCL-9899A SL-BR"]
[Site "Rd3-Birmingham"]
[Date "1998.11.21"]
[Round "3.5"]
[White "Summerscale, Aaron"]
[Black "Cobb, Charles"]
[Result "1-0"]
[WhiteElo "2455"]
[BlackElo "2275"]
[PlyCount "115"]
[EventDate "1998.11.21"]

1. d4 e6 2. c4 Nf6 3. Nc3 Bb4 4. Bg5 c5 5. d5 Bxc3+ 6. bxc3 d6 7. f3 Qe7 8. e4
h6 9. Bh4 e5 10. Bd3 Nbd7 11. Ne2 Nf8 12. Bf2 g5 13. h4 Ng6 14. Qd2 Nh5 15.
O-O-O Bd7 16. Be3 Nxh4 17. Qb2 Ba4 18. g3 Bxd1 19. Kxd1 Ng2 20. Bf2 Nf6 21. Rh2
Nf4 22. gxf4 exf4 23. e5 Qxe5 24. Qxb7 O-O 25. Rxh6 Rab8 26. Qa6 Kg7 27. Rh1
Rb2 28. Qa3 Rfb8 29. Re1 Nxd5 30. cxd5 Qxd5 31. c4 Qxf3 32. Qc3+ f6 33. Bg1
Rxa2 34. Kc1 Rab2 35. Bc2 Qb7 36. Qd3 Rb1+ 37. Bxb1 Qb2+ 38. Kd1 Qxb1+ 39. Qxb1
Rxb1+ 40. Kd2 Rxe1 41. Kxe1 Kf7 42. Nc3 Ke6 43. Ke2 Ke5 44. Kd3 f5 45. Bf2 g4
46. Nd5 a5 47. Be1 f3 48. Bc3+ Ke6 49. Nf4+ Ke7 50. Bxa5 g3 51. Ke3 f2 52. Ke2
Kf6 53. Nh5+ Ke6 54. Bc3 f4 55. Nxf4+ Kf5 56. Nd5 Kg4 57. Bd2 Kh3 58. Bf4 1-0

[Event "4NCL-9899A SL-BR"]
[Site "Rd3-Birmingham"]
[Date "1998.11.21"]
[Round "3.6"]
[White "Collier, David"]
[Black "Lawton, Geoff"]
[Result "0-1"]
[WhiteElo "2245"]
[BlackElo "2370"]
[PlyCount "134"]
[EventDate "1998.11.21"]

1. d4 d5 2. Bg5 c6 3. Nf3 Qb6 4. b3 Bf5 5. e3 Nd7 6. Bd3 Bxd3 7. Qxd3 Ngf6 8.
Nbd2 g6 9. O-O Bg7 10. Rae1 O-O 11. e4 dxe4 12. Nxe4 Rfd8 13. Qc4 Nd5 14. Qe2
Bxd4 15. Nxd4 Qxd4 16. c4 N5f6 17. Nxf6+ exf6 18. Be3 Qc3 19. Bd2 Qb2 20. Ba5
Qxe2 21. Rxe2 Re8 22. Rfe1 Kf8 23. Bd2 g5 24. h4 h6 25. f4 gxh4 26. Kh2 Rxe2
27. Rxe2 f5 28. Bc3 f6 29. Kh3 Kf7 30. Kxh4 Rg8 31. g3 Nc5 32. Kh3 Ne4 33. Be1
h5 34. Re3 Rd8 35. Kg2 Rd1 36. Kf3 Ke6 37. Ke2 Ra1 38. a4 Ra2+ 39. Kd3 c5 40.
Re2 Ra1 41. Kc2 Kf7 42. Kb2 Rd1 43. Kc2 Rd8 44. Rh2 Kg6 45. Re2 Rg8 46. Rh2 Rh8
47. Rh4 Kf7 48. Rh2 Ke6 49. Re2 Kd6 50. Re3 Rd8 51. Re2 Kc6 52. Rh2 Rh8 53. Re2
b6 54. Re3 Kd6 55. Rd3+ Ke6 56. a5 Rb8 57. axb6 axb6 58. b4 Ra8 59. Kb2 Ra4 60.
Rd8 cxb4 61. Rb8 Kd6 62. Rxb6+ Kc5 63. Rb5+ Kxc4 64. Rxf5 Nc5 65. Bd2 b3 66.
Kb1 Ra2 67. Bc1 Na4 0-1

[Event "4NCL-9899A SL-BR"]
[Site "Rd3-Birmingham"]
[Date "1998.11.21"]
[Round "3.7"]
[White "Lalic, Susan"]
[Black "Moskovic, David"]
[Result "1/2-1/2"]
[WhiteElo "2350"]
[BlackElo "2235"]
[PlyCount "87"]
[EventDate "1998.11.21"]

1. e4 c5 2. Nc3 Nc6 3. Bb5 Nd4 4. Bc4 g6 5. Nce2 b5 6. Bd5 Rb8 7. Nxd4 cxd4 8.
d3 Bg7 9. f4 Nf6 10. Bb3 d6 11. Nf3 Bg4 12. h3 Bxf3 13. Qxf3 e6 14. O-O O-O 15.
f5 exf5 16. exf5 Kh8 17. a4 b4 18. Bf4 Rc8 19. g4 h6 20. fxg6 fxg6 21. Qg3 Rc6
22. Rae1 g5 23. Bd2 a5 24. h4 Nh7 25. Rxf8+ Bxf8 26. Qf3 Rc8 27. Qf7 Bg7 28.
hxg5 hxg5 29. Kg2 Qf6 30. Re8+ Rxe8 31. Qxe8+ Nf8 32. Qf7 Qxf7 33. Bxf7 Bf6 34.
Kf3 Kg7 35. Bd5 Ng6 36. Ke4 Nh4 37. Bb3 Ng2 38. Kf3 Nh4+ 39. Ke4 Ng2 40. Kf3
Nh4+ 41. Kf2 Kg6 42. Bd5 Kg7 43. Be4 Kf8 44. Ke2 1/2-1/2

[Event "4NCL-9899A SL-BR"]
[Site "Rd3-Birmingham"]
[Date "1998.11.21"]
[Round "3.8"]
[White "Buckley, Melanie"]
[Black "Smith, Andrew P"]
[Result "0-1"]
[WhiteElo "2005"]
[BlackElo "2290"]
[PlyCount "62"]
[EventDate "1998.11.21"]

1. e4 e5 2. Bc4 d6 3. d3 Qf6 4. Nf3 h6 5. Nbd2 Ne7 6. Nf1 g5 7. h3 Ng6 8. Ne3
Nf4 9. c3 c6 10. d4 h5 11. Ng1 g4 12. h4 Qg6 13. Qc2 d5 14. exd5 Nxg2+ 15. Kd1
Nxe3+ 16. Bxe3 Bf5 17. Qb3 b5 18. dxe5 Be4 19. Rh2 Bg7 20. Bd4 bxc4 21. Qb7 O-O
22. Qxa8 Bc2+ 23. Kd2 Bh6+ 24. Be3 Qd3+ 25. Ke1 Bxe3 26. fxe3 Qxe3+ 27. Ne2 Be4
28. Rd1 Bf3 29. Rd2 g3 30. Rh3 Qf2+ 31. Kd1 Qf1+ 0-1

[Event "4NCL-9899A WES-IK1"]
[Site "Rd3-Birmingham"]
[Date "1998.11.21"]
[Round "3.1"]
[White "Rossiter, Philip"]
[Black "Nunn, John"]
[Result "1/2-1/2"]
[WhiteElo "2365"]
[BlackElo "2600"]
[PlyCount "96"]
[EventDate "1998.11.21"]

1. e4 c5 2. Nc3 Nc6 3. Bb5 Nd4 4. Nf3 e6 5. O-O Ne7 6. b3 Nec6 7. Bb2 Be7 8.
Bxc6 dxc6 9. e5 O-O 10. Ne4 Qd5 11. Re1 a5 12. d3 Qd8 13. c3 Nf5 14. a4 b6 15.
Qd2 Ra7 16. Rad1 Kh8 17. Qf4 Rd7 18. g4 Nh6 19. c4 Rxd3 20. Nd6 Rxd1 21. Rxd1
Qc7 22. Ng5 Bxg5 23. Qxg5 Ng8 24. Rd3 b5 25. Rf3 bxa4 26. bxa4 Nh6 27. Rh3 Qb6
28. Rxh6 Qxb2 29. Rh3 Qb1+ 30. Kg2 f6 31. Rf3 h6 32. Qf4 Bd7 33. Qd2 Qg6 34. h3
Kg8 35. Nb7 Bc8 36. Nxc5 f5 37. Qf4 Rf7 38. Rg3 fxg4 39. Qd4 gxh3+ 40. Kh2 Qf5
41. Ne4 c5 42. Qd8+ Kh7 43. Nf6+ Rxf6 44. exf6 Qxf2+ 45. Kxh3 Qf1+ 46. Kh2 Qf2+
47. Kh3 Qf1+ 48. Kh2 Qf2+ 1/2-1/2

[Event "4NCL-9899A WES-IK1"]
[Site "Rd3-Birmingham"]
[Date "1998.11.21"]
[Round "3.2"]
[White "McDonald, Neil"]
[Black "Webb, Richard"]
[Result "0-1"]
[WhiteElo "2490"]
[BlackElo "2340"]
[PlyCount "82"]
[EventDate "1998.11.21"]

1. e4 c5 2. Nf3 d6 3. d4 cxd4 4. Nxd4 Nf6 5. Nc3 g6 6. Be3 Bg7 7. f3 O-O 8. Qd2
Nc6 9. O-O-O Nxd4 10. Bxd4 Be6 11. Kb1 Qc7 12. g4 Rfc8 13. g5 Nh5 14. Bxg7 Nxg7
15. Nd5 Qd7 16. h4 Rc5 17. f4 Rac8 18. Rh2 Bxd5 19. exd5 Rxc2 20. Qxc2 Rxc2 21.
Rxc2 Nh5 22. Rd4 Qg4 23. Be2 Qxh4 24. Bxh5 gxh5 25. a3 Qg4 26. Ka2 h4 27. Rf2
h3 28. Rdd2 Qg3 29. Kb1 Kg7 30. Kc2 b5 31. Rf1 Qe3 32. Kd1 Kg6 33. Re2 Qd3+ 34.
Ke1 Qg3+ 35. Kd2 h2 36. f5+ Kxg5 37. f6 exf6 38. Kc2 Qg1 39. Ree1 Qg2+ 40. Kb1
f5 41. Rc1 f4 0-1

[Event "4NCL-9899A WES-IK1"]
[Site "Rd3-Birmingham"]
[Date "1998.11.21"]
[Round "3.3"]
[White "Neil, David"]
[Black "Gormally, Danny"]
[Result "0-1"]
[WhiteElo "2260"]
[BlackElo "2405"]
[PlyCount "44"]
[EventDate "1998.11.21"]

1. e4 c5 2. Nc3 Nc6 3. f4 g6 4. Nf3 Bg7 5. Bb5 Nd4 6. a4 Nxb5 7. axb5 d6 8. O-O
Nf6 9. Qe2 O-O 10. e5 dxe5 11. fxe5 Nd5 12. Nxd5 Qxd5 13. c4 Qd8 14. Qe3 Bg4
15. Qxc5 Rc8 16. Qxa7 Bxf3 17. Rxf3 Bxe5 18. Qxb7 Qd4+ 19. Kh1 Qxc4 20. g3 Rc7
21. Qa6 Qe2 22. Qa3 Rfc8 0-1

[Event "4NCL-9899A WES-IK1"]
[Site "Rd3-Birmingham"]
[Date "1998.11.21"]
[Round "3.4"]
[White "Ledger, Andrew"]
[Black "Yeo, Michael"]
[Result "0-1"]
[WhiteElo "2460"]
[BlackElo "2180"]
[PlyCount "58"]
[EventDate "1998.11.21"]

1. e4 Nc6 2. Nc3 e5 3. Bc4 Nf6 4. d3 Bc5 5. f4 O-O 6. Nf3 Ng4 7. Ng5 d5 8. exd5
exf4 9. dxc6 Qxg5 10. Qf3 Ne5 11. Qxf4 Qxg2 12. Rf1 Nxc4 13. Qxc4 Bh3 14. Rf4
Qg1+ 15. Ke2 Qxh2+ 16. Kd1 Qg1+ 17. Ke2 Rae8+ 18. Ne4 Bg4+ 19. Rxg4 Qxg4+ 20.
Kd2 Rxe4 21. Qxe4 Qxe4 22. dxe4 bxc6 23. Ke2 Re8 24. Kd3 Rd8+ 25. Kc4 Bb6 26.
c3 Rd1 27. b4 h5 28. a4 h4 29. a5 Bg1 0-1

[Event "4NCL-9899A WES-IK1"]
[Site "Rd3-Birmingham"]
[Date "1998.11.21"]
[Round "3.5"]
[White "Noyce, Robert"]
[Black "Cooley, Chris"]
[Result "1/2-1/2"]
[WhiteElo "2155"]
[BlackElo "2255"]
[PlyCount "39"]
[EventDate "1998.11.21"]

1. Nf3 Nf6 2. g3 g6 3. Bg2 Bg7 4. O-O O-O 5. d3 d5 6. Nbd2 c5 7. e4 dxe4 8.
dxe4 Nc6 9. c3 Bg4 10. h3 Bxf3 11. Qxf3 Nd7 12. Qe2 Nde5 13. Nc4 Qd3 14. Qxd3
Nxd3 15. Rd1 Rfd8 16. Bf1 Nxc1 17. Raxc1 Kf8 18. Rd5 b6 19. Rcd1 e6 20. Rxd8+
1/2-1/2

[Event "4NCL-9899A WES-IK1"]
[Site "Rd3-Birmingham"]
[Date "1998.11.21"]
[Round "3.6"]
[White "Farndon, David"]
[Black "Simons, Martin"]
[Result "1/2-1/2"]
[WhiteElo "2250"]
[BlackElo "2170"]
[PlyCount "56"]
[EventDate "1998.11.21"]

1. Nf3 d6 2. g3 e5 3. d3 Be7 4. Bg2 f5 5. c4 Nf6 6. Nc3 O-O 7. O-O Kh8 8. b4 a5
9. b5 Nbd7 10. Bb2 Qe8 11. Nd2 Nc5 12. Na4 Nfd7 13. Nxc5 Nxc5 14. d4 exd4 15.
Bxd4 Bf6 16. Nb3 Ne4 17. Bxf6 Rxf6 18. e3 b6 19. Nd4 Bb7 20. Rc1 Qf7 21. Qc2
Re8 22. h4 Qg6 23. Ne2 Rf7 24. Nf4 Qf6 25. Rfd1 Qe5 26. Qd3 Nc5 27. Qd4 Bxg2
28. Kxg2 Qe4+ 1/2-1/2

[Event "4NCL-9899A WES-IK1"]
[Site "Rd3-Birmingham"]
[Date "1998.11.21"]
[Round "3.7"]
[White "Pleasants, A."]
[Black "Alfred, Nathan"]
[Result "0-1"]
[WhiteElo "2144"]
[BlackElo "2235"]
[PlyCount "120"]
[EventDate "1998.11.21"]

1. e4 c5 2. Nc3 Nc6 3. Nf3 g6 4. Bc4 Bg7 5. O-O e6 6. Re1 d6 7. d3 Nge7 8. Bg5
a6 9. a4 Qc7 10. Qd2 h6 11. Bh4 Ne5 12. Nxe5 dxe5 13. Qe3 b6 14. Nb1 Nc6 15. c3
O-O 16. Nd2 Kh7 17. Rac1 g5 18. Bg3 f5 19. exf5 exf5 20. Qe2 f4 21. Ne4 Bf5 22.
h4 fxg3 23. Nxg3 gxh4 24. Nxf5 Rxf5 25. Qe4 Qd7 26. d4 Kh8 27. dxe5 Rxe5 28.
Qxh4 Qe7 29. Qxe7 Rxe7 30. Bd5 Rc8 31. Rxe7 Nxe7 32. Bb7 Rd8 33. Bxa6 Nc6 34.
g3 Rd2 35. Bb5 Ne5 36. b4 Nd3 37. Bxd3 Rxd3 38. a5 bxa5 39. bxa5 Bxc3 40. a6
Bb4 41. Ra1 Rd8 42. a7 Ra8 43. Kf1 Kg7 44. Ke2 Bc3 45. Ra4 h5 46. f4 Bd4 47.
Kf3 Kf7 48. Ke4 Bf2 49. Ra3 c4 50. Kf3 Rxa7 51. Rc3 Be1 52. Rxc4 Ra3+ 53. Ke4
Bxg3 54. Rc7+ Kf6 55. Rc6+ Ke7 56. Kf5 Ra5+ 57. Kg6 Bxf4 58. Rc4 Bg3 59. Re4+
Kd6 60. Re3 h4 0-1

[Event "4NCL-9899A WES-IK1"]
[Site "Rd3-Birmingham"]
[Date "1998.11.21"]
[Round "3.8"]
[White "Richards, Heather"]
[Black "Howard, Emily"]
[Result "1-0"]
[WhiteElo "2130"]
[BlackElo "2050"]
[PlyCount "87"]
[EventDate "1998.11.21"]

1. e4 c6 2. d4 d5 3. f3 g6 4. c3 dxe4 5. fxe4 e5 6. Nf3 exd4 7. Bc4 Be6 8. Bxe6
fxe6 9. O-O Nd7 10. Ng5 Ngf6 11. cxd4 e5 12. dxe5 Bc5+ 13. Kh1 Nxe5 14. Qb3 Qe7
15. Be3 Bxe3 16. Qxe3 O-O 17. Nd2 Nfg4 18. Qb3+ Kh8 19. Ne6 Rfe8 20. h3 Qxe6 {
(Draw offer)} 21. Rf8+ Kg7 22. Qxe6 Rxe6 23. Rxa8 Nf2+ 24. Kg1 Nfd3 25. Rxa7
Re7 26. b3 Nc5 27. Rc1 Ncd3 28. Ra1 Nf4 29. Rf1 Ne2+ 30. Kf2 Nc3 31. Ke3 Nb5
32. Ra8 Nc7 33. Rb8 Nd5+ 34. Kd4 Nf6 35. Nf3 Nf7 36. e5 Nd5 37. g3 Nb6 38. Re1
Nd5 39. Kc5 Nh6 40. g4 Nf4 41. Kd6 Re6+ 42. Kd7 Ng8 43. Rxg8+ Kxg8 44. Ng5 1-0

[Event "4NCL-9899A BA1-SL"]
[Site "Rd4-Birmingham"]
[Date "1998.11.22"]
[Round "4.2"]
[White "Hebden, Mark"]
[Black "Rogers, Jonathan"]
[Result "1-0"]
[WhiteElo "2590"]
[BlackElo "2355"]
[PlyCount "73"]
[EventDate "1998.11.22"]

1. d4 d5 2. c4 c5 3. e3 Nf6 4. Nf3 cxd4 5. exd4 g6 6. cxd5 Bg7 7. Nc3 O-O 8.
Bc4 Nbd7 9. d6 exd6 10. O-O Nb6 11. Bb3 Bf5 12. Re1 Re8 13. Rxe8+ Qxe8 14. Bf4
Qd7 15. a4 Ne4 16. a5 Nxc3 17. bxc3 Nc8 18. Qe2 Ne7 19. h3 Rc8 20. Re1 Nc6 21.
Qa2 h6 22. a6 bxa6 23. Qxa6 Qc7 24. Nh4 Qa5 25. Qxa5 Nxa5 26. Nxf5 gxf5 27. Bd5
Rxc3 28. Re7 Nc6 29. Rxf7 Nxd4 30. Bxd6 Kh8 31. Rxa7 Rd3 32. Ra8+ Kh7 33. Bg8+
Kg6 34. Ra6 Bf6 35. Be5 Kg7 36. Rxf6 Kxg8 37. Bxd4 1-0